| 000 | 00443nam a2200157 4500 | ||
|---|---|---|---|
| 001 | 17369 | ||
| 005 | 20230410120927.0 | ||
| 008 | 060907n2000 dr spa | ||
| 035 | _9funglode17505 | ||
| 041 | _aEN | ||
| 050 | 1 | 4 | _aJC 423 D383 2000 |
| 245 | 0 |
_aDemocracy : _ba rader / _cedited by Ricardo Blaug and John Schwarzmantel |
|
| 260 |
_aCambridge : _bEdinburgh University Press, _c2000 |
||
| 300 | _ax, 571 p. | ||
| 942 |
_2lcc _cbk |
||
| 999 |
_c54575 _d54575 |
||